| Tag |
First Indicator |
Second Indicator |
Subfields |
| LEADER |
00000cam a2200000 a 4500 |
| 001 |
in00000016970 |
| 005 |
20220103134442.0 |
| 007 |
cr unu a |
| 008 |
880621s1986 xx b b 00010 eng d |
| 035 |
|
|
|9 AAB1311AM
|
| 035 |
|
|
|a (OCoLC)18116451
|
| 040 |
|
|
|a TXA
|c TXA
|d UtOrBLW
|
| 043 |
|
|
|a n-us-tx
|
| 049 |
|
|
|a TXAZ [Also in] [Archives]
|c 1 [A09992560], 2 [A09992578]
|
| 099 |
|
|
|a 1986
|a Thesis
|a K29
|
| 100 |
1 |
|
|a Kelly, Sharon Marie,
|d 1951-
|
| 245 |
1 |
3 |
|a An evaluation of legal strategies for protecting freshwater inflows into Texas estuaries /
|c by Sharon Marie Kelly.
|
| 264 |
|
1 |
|a [Place of publication not identified] :
|b [publisher not identified] ;
|c 1986.
|
| 300 |
|
|
|a vii, 106 leaves :
|b maps ;
|c 29 cm.
|
| 336 |
|
|
|a text
|b txt
|2 rdacontent
|
| 337 |
|
|
|a computer
|b c
|2 rdamedia
|
| 338 |
|
|
|a online resource
|b cr
|2 rdacarrier
|
| 500 |
|
|
|a "Major subject: Recreation and Resources Development."
|
| 500 |
|
|
|a Typescript (photocopy).
|
| 500 |
|
|
|a Vita.
|
| 502 |
|
|
|b M.S.
|c Texas A&M University
|d 1986.
|
| 504 |
|
|
|a Bibliography: leaves 89-105.
|
| 530 |
|
|
|a Also available online.
|
| 650 |
|
0 |
|a Estuaries
|z Texas.
|
| 650 |
|
0 |
|a Estuarine area conservation
|z Texas.
|
| 650 |
|
0 |
|a Water
|x Law and legislation
|z Texas.
|
| 650 |
|
4 |
|a Major recreation and resources development.
|
| 856 |
4 |
1 |
|u https://hdl.handle.net/1969.1/ETD-TAMU-1986-THESIS-K29
|z Link to OAKTrust copy
|t 0
|
| 999 |
|
|
|a MARS
|
| 999 |
f |
f |
|s ef845b2d-fcc0-3a54-a89b-0f23ed14a357
|i 09575bce-7e04-3f78-863b-a853e926097b
|t 0
|
| 952 |
f |
f |
|p noncirc
|a Texas A&M University
|b J.J. Pickle Campus
|c High Density Repository
|s HDR
|d Remote Storage
|t 0
|e 1986 Thesis K29
|h Other scheme
|i computer -- online resource
|m A14839616819
|
| 952 |
f |
f |
|a Texas A&M University
|b College Station
|c Electronic Resources
|s www_evans
|d Available Online
|t 0
|e 1986 Thesis K29
|h Other scheme
|
| 998 |
f |
f |
|a 1986 Thesis K29
|t 0
|l Available Online
|
| 998 |
f |
f |
|a 1986 Thesis K29
|t 0
|l Remote Storage
|